000 00522nam a2200193Ia 4500
005 20250326141501.0
008 250326s9999 xx 000 0 und d
020 _a81-85814-50-3
037 _aTextbook
040 _aFMSL
_beng
_cFMSL
041 _aeng
_2eng
084 _aX:57g N4
_qFMSL
100 _aBhardwaj HP
_9744544
245 0 _aForeign exchange handbook
_cBhardwaj HP
260 _aAllahabad
_bAllahabad, Wheeler
_c1994
300 _a183p
942 _cTB
_hX:57g N4
999 _c1290517
_d1290517